• 首页
  • 本馆介绍
  • 公告通知
  • 最新文献
  • 馆藏检索
  • 电子资源
  • 读者荐购
  • 参考咨询
  • CALIS
  • 我的图书馆
  • 登录
  • 详细信息显示
  • 放入我的书架
  • 预约/预借图书
  • 作者相关作品
  • 分类相关作品
  • 丛书相关作品
  • 出版社相关作品

书目信息

  • 表格格式
  • 工作单格式
  • 卡片格式
题名:
中华人民共和国法律汇编
    
 
作者: ;全国人民代表大会常务委员会法制工作委员会 编
分册: 2008  
出版信息: 北京   人民出版社  2009.02
页数: 170页
开本: 21cm
丛书名:
单 册:
中图分类: D920.9
科图分类:
主题词: 法律--fa lu--中国--2008--汇编
电子资源:
ISBN: 978-7-01-007707-9
 
 
 
 
 
000 01035nam0 2200229 450
001 012009835153
005 20090621144432.06
010    @a978-7-01-007707-9@dCNY26.00
100    @a20090621d2009 em y0chiy0120 ea
101 0  @achi
102    @aCN@b110000
105    @ay n 000yy
106    @ar
200 1  @a中华人民共和国法律汇编@Azhong hua ren min gong he guo fa lu hui bian@h2008@f全国人民代表大会常务委员会法制工作委员会编@Fquan guo ren min dai biao da hui chang wu wei yuan hui fa zhi gong zuo wei yuan hui bian
210    @a北京@c人民出版社@d2009.02
215    @a170页@d21cm
330    @a本书收录了中华人民共和国水污染防治法,中华人民共和国残疾人保障法,中华人民共和国循环经济促进法,中华人民共和国企业国有资产法,中华人民共和国消防法等内容。
606 0  @a法律@Afa lu@y中国@z2008@j汇编
690    @aD920.9@v4
711 02 @a全国人民代表大会常务委员会法制工作委员会@Aquan guo ren min dai biao da hui chang wu wei yuan hui fa zhi gong zuo wei yuan hui@4编
801  0 @aCN@bQSSK@c20090621
905    @b745514-16@dD920.9@eQ904@f3
    
    中华人民共和国法律汇编.2008/全国人民代表大会常务委员会法制工作委员会编.-北京:人民出版社,2009.02
    170页;21cm
    
    
    ISBN 978-7-01-007707-9:CNY26.00
    本书收录了中华人民共和国水污染防治法,中华人民共和国残疾人保障法,中华人民共和国循环经济促进法,中华人民共和国企业国有资产法,中华人民共和国消防法等内容。
●
相关链接 在E读中查询图书 在当当中查询图书 在豆瓣中查询图书


正题名:中华人民共和国法律汇编     索取号:D920.9/Q904         预约/预借

序号 登录号 条形码 馆藏地/架位号 状态 备注
1 745514   207455145   社科库509/509社科库 84排2列2层/ [索取号:D920.9/Q904] 在馆    
2 745515   207455154   社科库509/509社科库 84排2列2层/ [索取号:D920.9/Q904] 在馆    
3 745516   207455163   社科库509/422社科库 31排4列5层/ [索取号:D920.9/Q904] 在馆    
河南城建学院图书馆 欢迎您!
大连网信软件有限公司© 版权所有